00277 a2200133 4500001000700000020001800007040001100025100002600036240003100062245002600093300000700119362000900126440000800135179983 a85-7153-038-6 cMagnum aGuimarães, Andréa10aA viagem de uma cartalpor10aA viagem de uma carta a120 a1991 1aRHJ